Responses for show #7749 - Thursday, April 26, 2018

Contestants

[<< previous game]

Carolyn Walsh, a software engineer from Brooklyn, New York

Robert Marx, a graduate student from Nashville, Tennessee

Jen Regan, a travel marketer from North Bergen, New Jersey (whose 1-day cash winnings total $14,780)

[next game >>]

Jeopardy! Round responses

SPITTING
IMAGE
ME, MYSELF & "I"
POLITICS
WE LOVE THE '80s
EXPRESSIONS FROM OLD BRIT LIT
(Alex: These will be descriptive phrases from Old English or Norse.)
    $200 14
(Jen: What are camels?)

llamas

JenCarolyn
    $200 7
(Carolyn: What is computer graphic imaging?)
[Originally ruled incorrect; ruled correct during the contestant interviews]

a computer-generated image (or computer graphic imaging)

RobertCarolyn
    $200 2
an infant

Carolyn
    $200 17
a hacky sack

Carolyn
    $200 1
the sun

Robert
    $400 15
an archerfish

Robert
    $400 8
Black-ish

Robert
    $400 3
immune cells

Robert
    $2,200 29
(Jen: What is, um...)
(Alex: Oh, hurry.)
(Jen: Uh...)
...
[The end-of-round signal sounds.]

whip

Jen
    $400 18
"We Are The World"

Carolyn
    $400 12
(Robert: What is a graveyard?)
(Carolyn: What is a hospital?)

your body

RobertCarolyn
Triple Stumper
    $600 16
bird's nest soup

Jen
    $600 9
an MRI

Robert
    $600 4
identity

Jen
    $600 28
Peoria

Jen
    $600 19
Out of Africa

Jen
    $600 13
the vocabulary

Triple Stumper
    $800 22
walruses

Robert
    $800 10
a graven image

Robert
    $800 5
the inferior vena cava

Robert
    $800 27
Bob Corker

Carolyn
    $800 20
Cabbage Patch Kids

Carolyn
    $800 24
blood

Robert
    $1000 23
(Carolyn: What is a viper?)

the spitting cobra

Carolyn
Triple Stumper
    $1000 11
Philo Farnsworth

Triple Stumper
    $1000 6
the iris

Carolyn
    $1000 26
(Carolyn: What is the favorite child?)

the favorite son

RobertCarolyn
    $1000 21
WrestleMania

Robert
    $1000 25
(Alex: With a minute to go.)

a throne

Robert

Scores at the first commercial break (after clue 15):

Jen Robert Carolyn
$400 $3,400 $1,200

Scores at the end of the Jeopardy! Round:

Jen Robert Carolyn
$0 $8,000 $1,400

Double Jeopardy! Round responses

THE SPITTING IMAGE
ITALIAN LITERATURE
THE SEA SECTION
HELLO, "B.B."
THE OLD WEST
CHEESY MASHUPS
(Alex: Let me give you an example. A cheesy dip becomes the day a baby is expected. The correct response--what is a fondue date?)
    $400 17
Rupert Grint

Carolyn
    $400 22
Pinocchio

Robert
    $400 1
the Mediterranean

Carolyn
    $400 5
to brown bag

Carolyn
    $400 11
Wild Bill Hickok

Robert
    $400 12
provolone Ranger

Robert
    $800 18
Bernie Sanders

Carolyn
    $800 23
Dante

Carolyn
    $800 2
Bermuda

Jen
    $800 6
Baby Boomer

Jen
    $800 14
(Jen: What is Remington?)

Colt

JenCarolyn
    $800 13
mozzarella Fitzgerald

Jen
    $1200 19
Bryce Dallas Howard

Carolyn
    $1200 24
Naples

Carolyn
    $1200 3
the Irish Sea

Carolyn
    $1200 8
beach bums

Robert
    $4,000 15
(Carolyn: What is...)
(Alex: Oh, come on.)

vaquero

Carolyn
    $1200 27
the Kiss Camembert

Robert
    $1600 20
the Red Hot Chili Peppers

Jen
    $4,000 25
(Alex: And we have less than a minute to go.)

a sonnet

Carolyn
    $1600 4
the Coral Sea

Robert
    $1600 9
Big Brother

Robert
    $1600 16
the Comstock lode

Triple Stumper
    $1600 28
[The end-of-round signal sounds.]

romano a mano

Triple Stumper
    $2000 21
(Robert: Who is Munchin?)

Mnuchin

RobertCarolyn
    $2000 26
Lampedusa

Triple Stumper
    $2000 7
Norway

Triple Stumper
    $2000 10
building blocks

Jen

Scores at the end of the Double Jeopardy! Round:

Jen Robert Carolyn
$5,200 $12,800 $10,600

[wagering suggestions for these scores]

Final Jeopardy! Round responses

SPORTS IN COURT
(Alex: [To Jen] The candy bar was the Baby Ruth. Babe sued, and the Curtiss Company said, "No, no. We named it after the daughter of Grover Cleveland. Baby Ruth.")
JenWho is Babe Ruth?
$2,500
CarolynWho is ?
$0
RobertWho was Cane?
$8,201
Babe Ruth

Final scores:

Jen Robert Carolyn
$7,700 $4,599 $10,600
2nd place: $2,000 3rd place: $1,000 New champion: $10,600

Game dynamics:

Coryat scores:

Jen Robert Carolyn
$7,400 $12,800 $12,200
9 R,
3 W
(including 1 DD)
20 R,
2 W
19 R
(including 1 DD),
4 W
(including 1 DD)

Combined Coryat: $32,400

The J! Archive is created by fans, for fans. The Jeopardy! game show and all elements thereof, including but not limited to copyright and trademark thereto, are the property of Jeopardy Productions, Inc. and are protected under law. This website is not affiliated with, sponsored by, or operated by Jeopardy Productions, Inc. Join the discussion at JBoard.tv.